|
|
|
|
| LEADER |
01200nam a2200265 a 4500 |
| 001 |
32193 |
| 003 |
BD-DhAAL |
| 005 |
20171011111315.0 |
| 008 |
171011s2015 bg ||||| |||| 00| 0 ben d |
| 999 |
|
|
|c 38393
|d 38393
|
| 020 |
|
|
|a 9847009200717
|
| 040 |
|
|
|a BD-DhAAL
|
| 082 |
|
|
|2 22
|a 954.9205092
|
| 100 |
|
|
|a আবু হানিফ, গাজী
|9 22455
|
| 245 |
|
|
|a চিরঞ্জীব :
|b শেখ মুজিব /
|c গাজী আবু হানিফ
|
| 260 |
|
|
|a ঢাকা :
|b জনতা প্রকাশ,
|c ২০১৫
|
| 300 |
|
|
|a ৩৩৫ পৃষ্ঠা ;
|c ২২ সে.মি.
|
| 526 |
|
|
|a AAL
|
| 541 |
|
|
|e 32148
|
| 600 |
|
|
|a Sheikh, Mujibur Rahman
|d 1920-1975
|9 22379
|
| 650 |
|
|
|a Bengali poetry
|9 22456
|
| 651 |
|
|
|a Bangladesh
|x Politics and government
|y 1971
|9 22380
|
| 942 |
|
|
|2 ddc
|c BK
|
| 952 |
|
|
|0 0
|1 0
|2 ddc
|4 0
|6 954_920509200000000_ABU
|7 0
|9 61462
|a BRACUL
|b BRACUL
|c BNC
|d 2017-10-04
|e বিভাস
|g 102.00
|l 0
|o 954.9205092 ABU
|p 3010032192
|r 2017-10-04
|t 1
|v 120.00
|w 2017-10-04
|y BK
|
| 952 |
|
|
|0 0
|1 0
|2 ddc
|4 0
|6 954_920509200000000_ABU
|7 0
|9 61544
|a BRACUL
|b BRACUL
|c BNC
|d 2017-10-04
|e বিভাস
|g 102.00
|l 0
|o 954.9205092 ABU
|p 3010032193
|r 2017-10-11
|t 2
|v 120.00
|w 2017-10-04
|y BK
|